MARC

LEADER 00000nam0a2200000 4500
001 260227
005 20231101233447.0
020 |a RU  |b 88-29317 
035 |a (RuTPU)RU\TPU\book\283175 
090 |a 260227 
100 |a 20140514d1987 k a0rusy5003 ca 
101 0 |a rus 
102 |a RU 
105 |a a z 001zy 
200 1 |a Автоматизированная обработка комплексных аэрогеофизических данных с применением АСОМ-АГС/ЕС  |e сборник научных статей  |f Научно-производственное объединение "Рудгеофизика" ; Казахский политехнический институт (КазПТИ) ; под ред. Л. А. Коваля 
210 |a Ленинград  |c Изд-во Рудгеофизика  |d 1987 
215 |a 86 с.  |c ил. 
320 |a Библиогр. в конце ст. 
606 1 |a Геофизические исследования  |x Обработка результатов  |x (поиски и разведка)  |2 stltpush  |3 (RuTPU)RU\TPU\subj\38592  |9 59019 
610 1 |a аэрометоды 
610 1 |a вычислительные машины 
610 1 |a автоматизированная обработка 
610 1 |a аэрогеофизические работы 
610 1 |a обработка 
610 1 |a экономическая эффективность 
610 1 |a результаты 
675 |a 550.83.05  |z rus 
702 1 |a Коваль  |b Л. А.  |g Леон Аронович  |4 340 
712 0 2 |a Научно-производственное объединение "Рудгеофизика"  |2 stltpush  |3 (RuTPU)RU\TPU\col\9324  |9 24685 
712 0 2 |a Казахский политехнический институт (КазПТИ)  |c (1960-1994)  |c (Алма-Ата)  |2 stltpush  |3 (RuTPU)RU\TPU\col\316 
801 0 |a RU  |b RuMRKP  |c 19960705  |g psbo 
801 1 |a RU  |b 63413507  |c 20140514 
801 2 |a RU  |b 63413507  |c 20180906  |g RCR 
942 |c BK